WMLScript untuk laman wap telefon bimbit

Bibliographic Details
Main Author: Iskandar Ab Rashid, , 1963-
Other Authors: Zaitun Ismail
Format: Book
Published: Batu Caves, Selangor : Venton Publishing, , 2004
Subjects:

MARC

LEADER 00000cam a2200000 7i4500
001 0000003592
005 20070810.0
020 0 0 |a 9832661544 
090 0 0 |a 004.62   |b ISK 
100 1 0 |a Iskandar Ab Rashid, ,   |d 1963- 
245 1 0 |a WMLScript untuk laman wap telefon bimbit   |c Iskandar Ab Rashid, Zaitun Ismail 
260 0 0 |a Batu Caves, Selangor :   |b Venton Publishing, ,   |c 2004 
300 |a vi, 262p. :   |b ill. ;   |c 26cm. 
650 0 0 |a Cellular telephones 
650 0 0 |a Wireless application protocal (Computer network protocol) 
650 0 0 |a Wireless communication systems 
700 1 1 |a Zaitun Ismail 
999 |a 0000007113   |b Monograph   |c Open Shelf   |e Default branch